[Event "WYCC 2018 O14"]
[Site "Halkidiki"]
[Date "2018.10.29"]
[Round "10"]
[White "Turcan, Richard"]
[Black "Stremavicius, Pijus"]
[Result "1-0"]
[WhiteElo "2218"]
[BlackElo "2024"]
[Annotator "NA"]
[PlyCount "91"]
[EventDate "2018.10.20"]
[EventType "swiss"]
[EventCountry "GRE"]
[SourceTitle "playchess.com"]
[Source "ChessBase"]
[SourceQuality "1"]
[TimeControl "40/5400+30:1800+30"]

1. e4 {[%emt 0:00:00]} c5 {[%emt 0:00:00]} 2. Nf3 {[%emt 0:00:00]} Nc6 {[%emt 0:00:00]} 3. d4 {[%emt 0:00:00]} cxd4 {[%emt 0:00:00]} 4. Nxd4 {[%emt 0:00:00]} Nf6 {[%emt 0:00:00]} 5. Nc3 {[%emt 0:00:00]} e5 {[%emt 0:00:00] LiveBook: 15323 Games} 6. Ndb5 {[%emt 0:00:05]} d6 {[%emt 0:00:00]} 7. Bg5 {[%emt 0:00:06]} a6 {[%emt 0:00:00]} 8. Na3 {[%emt 0:00:06]} b5 {[%emt 0:00:00]} 9. Bxf6 {[%emt 0:00:47]} gxf6 {[%emt 0:00:00]} 10. Nd5 {[%emt 0:00:06]} f5 {[%emt 0:00:13]} 11. c3 {[%emt 0:00:41]} Bg7 {[%emt 0:00:05]} 12. exf5 {[%emt 0:00:35]} Bxf5 {[%emt 0:00:22]} 13. Nc2 {[%emt 0:01:20]} O-O {[%emt 0:02:53]} 14. Nce3 {[%emt 0:00:41]} Be6 {[%emt 0:00:07]} 15. Bd3 {[%emt 0:01:45]} f5 {[%emt 0:02:48]} 16. O-O {[%emt 0:00:47]} Ne7 {[%emt 0:04:48]} 17. Nxe7+ {[%emt 0:01:27]} Qxe7 {[%emt 0:00:03]} 18. Bxf5 {[%emt 0:01:17]} Bf7 {[%emt 0:01:56]} 19. Qd3 {[%emt 0:09:25]} h6 {[%emt 0:03:17]} 20. a4 {[%emt 0:06:04]} Rab8 {[%emt 0:00:42]} 21. axb5 {[%emt 0:01:10]} axb5 {[%emt 0:00:07]} 22. Be4 {[%emt 0:04:48]} Rfd8 {[%emt 0:02:00]} 23. Bd5 {[%emt 0:02:03]} b4 {[%emt 0:02:56]} 24. Qg6 {[%emt 0:15:18]} (24. Nf5 $142 Qc7 25. c4) 24... Qf6 {[%emt 0:01:28]} 25. Qxf6 {[%emt 0:02:32]} Bxf6 {[%emt 0:00:03]} 26. Ra7 {[%emt 0:00:16]} Rf8 {[%emt 0:00:31]} 27. Rxf7 {[%emt 0:01:32]} Rxf7 {[%emt 0:00:01]} 28. Nf5 {[%emt 0:00:13]} Kf8 {[%emt 0:00:34]} 29. Bxf7 {[%emt 0:00:08]} Kxf7 {[%emt 0:00:06]} 30. Nxd6+ {[%emt 0:01:00]} Ke6 {[%emt 0:00:02]} 31. Ne4 {[%emt 0:00:15]} Be7 {[%emt 0:00:05]} 32. f3 {[%emt 0:05:27]} bxc3 {[%emt 0:02:00]} 33. bxc3 {[%emt 0:00:12]} Rb2 {[%emt 0:00:06]} 34. Rd1 {[%emt 0:03:39]} Bg5 {[%emt 0:01:29]} 35. Nxg5+ {[%emt 0:01:08]} hxg5 {[%emt 0:00:02]} 36. Rc1 {[%emt 0:00:08]} Kd5 {[%emt 0:01:05]} 37. c4+ {[%emt 0:01:07]} Kc5 {[%emt 0:00:07]} 38. Re1 {[%emt 0:00:03]} Kd6 {[%emt 0:00:42]} 39. Rd1+ {[%emt 0:00:36]} Ke6 {[%emt 0:00:09]} 40. Rc1 {[%emt 0:00:00]} Kd6 {[%emt 0:00:00]} 41. c5+ {[%emt 0:01:06]} Kc6 {[%emt 0:00:09]} 42. h3 {[%emt 0:00:32]} Re2 {[%emt 0:00:06]} 43. Rc4 $18 {[%emt 0:01:24]} Kd5 {[%emt 0:00:15]} 44. c6 {[%emt 0:01:48]} g4 {[%emt 0:00:05]} 45. c7 {[%emt 0:00:42]} g3 {[%emt 0:00:05]} 46. Rc1 {[%emt 0:00:03]} 1-0

[Event "WYCC 2018 O14"]
[Site "Halkidiki"]
[Date "2018.10.29"]
[Round "10"]
[White "Tengis, Tsog-Ochir"]
[Black "Pogosyan, Stefan"]
[Result "1/2-1/2"]
[WhiteElo "2205"]
[BlackElo "2373"]
[Annotator "NA"]
[PlyCount "108"]
[EventDate "2018.10.20"]
[EventType "swiss"]
[EventCountry "GRE"]
[SourceTitle "playchess.com"]
[Source "ChessBase"]
[SourceQuality "1"]
[TimeControl "40/5400+30:1800+30"]

1. d4 {[%emt 0:00:00]} Nf6 {[%emt 0:00:00]} 2. g3 {[%emt 0:00:00]} c5 {[%emt 0:00:00]} 3. c3 {[%emt 0:00:00]} d5 {[%emt 0:00:04] A45: Trompowsky Attack} (3... e6 4. Bg2 d5 5. Nf3 Be7 6. O-O O-O 7. b3 b6 8. Bb2 Bb7 9. Nbd2 Nc6 10. c4 cxd4 11. Nxd4 Nxd4 12. Bxd4 Rc8 13. Rc1 {1-0 (78) Stupak,K (2578)-Jones,G (2662) Heraklio 2017}) 4. Bg2 {[%emt 0:00:00]} Bf5 {[%emt 0:00:27]} 5. Nf3 {[%emt 0:00:00]} e6 {[%emt 0:00:08]} 6. O-O {[%emt 0:00:00]} Nc6 {[%emt 0:00:13]} 7. Ne5 {[%emt 0:01:40]} Qb6 {[%emt 0:00:41]} 8. e3 $146 {[%emt 0:01:16]} ({Predecessor:} 8. Nxc6 bxc6 9. Qa4 Bd6 10. Nd2 cxd4 11. cxd4 O-O 12. Nf3 h6 13. Be3 Rfc8 {0-1 (79) Nguyen,H (1673)-Nguyen,H (2047) Hanoi 2014}) 8... Bd6 {[%emt 0:01:47]} 9. f4 {[%emt 0:01:15]} Rc8 {[%emt 0:04:40]} 10. g4 {[%emt 0:02:12]} Be4 {[%emt 0:02:36]} 11. Nd2 {[%emt 0:00:05]} cxd4 {[%emt 0:10:38]} 12. exd4 {[%emt 0:02:34]} Nxe5 {[%emt 0:18:25]} 13. fxe5 {[%emt 0:00:28]} Bxe5 {[%emt 0:00:07]} 14. g5 {[%emt 0:01:01] [#]} Bxd4+ $1 {[%emt 0:00:49]} 15. cxd4 {[%emt 0:05:34]} Qxd4+ {[%emt 0:00:50]} 16. Kh1 {[%emt 0:00:40]} Bxg2+ {[%emt 0:02:07]} 17. Kxg2 {[%emt 0:00:02]} Ne4 {[%emt 0:10:07]} 18. Nxe4 {[%emt 0:02:01]} Qxe4+ {[%emt 0:00:07]} 19. Qf3 {[%emt 0:00:02]} Qg6 {[%emt 0:07:05]} 20. h4 {[%emt 0:00:23]} Rc2+ {[%emt 0:02:58]} 21. Kg3 {[%emt 0:00:30]} h5 {[%emt 0:02:16]} 22. Bf4 {[%emt 0:06:24]} O-O {[%emt 0:00:51]} 23. Rac1 {[%emt 0:01:29]} Rfc8 {[%emt 0:02:33]} 24. Rxc2 {[%emt 0:00:54]} Rxc2 {[%emt 0:00:12]} 25. Rf2 {[%emt 0:00:48]} Rxf2 {[%emt 0:08:20]} 26. Qxf2 {[%emt 0:00:38]} Qd3+ {[%emt 0:01:14]} 27. Qe3 $11 {[%emt 0:01:14]} Qb1 {[%emt 0:00:32]} 28. Be5 {[%emt 0:00:16]} Qxa2 {[%emt 0:06:50]} 29. Bc3 {[%emt 0:34:11]} Qb1 {[%emt 0:03:25]} 30. Qd4 {[%emt 0:01:12]} Qg6 {[%emt 0:00:24]} 31. Kf4 {[%emt 0:00:29]} Qf5+ {[%emt 0:03:35]} 32. Ke3 {[%emt 0:00:04]} Qh3+ {[%emt 0:00:12]} 33. Kd2 {[%emt 0:01:14]} Qg2+ {[%emt 0:00:28]} 34. Kc1 {[%emt 0:02:13]} Qf1+ {[%emt 0:00:07]} 35. Kc2 {[%emt 0:00:04]} Qe2+ {[%emt 0:00:06]} 36. Kb3 {[%emt 0:00:16]} Qb5+ {[%emt 0:00:08]} 37. Ka3 {[%emt 0:00:05]} Qa6+ {[%emt 0:01:05]} 38. Kb4 {[%emt 0:00:09]} Qd6+ {[%emt 0:02:02]} 39. Kb3 {[%emt 0:00:14]} e5 {[%emt 0:07:13]} 40. Qxe5 {[%emt 0:00:00]} Qxe5 {[%emt 0:00:00]} 41. Bxe5 {[%emt 0:00:29]} Kh7 {[%emt 0:02:09]} 42. Kc3 {[%emt 0:02:35]} Kg6 {[%emt 0:02:12]} 43. Kd4 {[%emt 0:01:35]} f6 {[%emt 0:01:23]} 44. gxf6 {[%emt 0:00:44]} gxf6 {[%emt 0:00:01]} 45. Bg3 {[%emt 0:00:17]} Kf5 {[%emt 0:00:45]} 46. Kxd5 {[%emt 0:00:08]} Kg4 {[%emt 0:00:27]} 47. Bf2 {[%emt 0:00:04]} a5 {[%emt 0:07:34]} 48. Ke6 {[%emt 0:01:02]} f5 {[%emt 0:01:57]} 49. Be1 {[%emt 0:02:19]} a4 {[%emt 0:01:10]} 50. Ke5 {[%emt 0:02:44]} f4 {[%emt 0:02:13]} 51. Ke4 {[%emt 0:35:15]} b5 {[%emt 0:06:35]} 52. Kd4 {[%emt 0:09:11]} Kf3 {[%emt 0:00:49]} 53. Bd2 {[%emt 0:00:38]} Kg3 {[%emt 0:00:42]} 54. Be1+ {[%emt 0:01:03]} Kf3 {[%emt 0:00:06]} 1/2-1/2

[Event "WYCC 2018 O14"]
[Site "Halkidiki"]
[Date "2018.10.29"]
[Round "10"]
[White "Van Dael, Siem"]
[Black "Popov, Konstantin"]
[Result "0-1"]
[WhiteElo "2202"]
[BlackElo "2304"]
[Annotator "TA"]
[PlyCount "136"]
[EventDate "2018.10.20"]
[EventType "swiss"]
[EventCountry "GRE"]
[SourceTitle "playchess.com"]
[Source "ChessBase"]
[SourceQuality "1"]

{[%evp 27,136,0,58,45,67,67,73,71,75,82,75,74,75,62,96,85,100,39,45,0,58,0,21,0,66,25,44,16,22,24,28,0,71,70,56,68,135,33,75,0,83,38,104,105,121,66,84,-22,-38,-18,-27,-177,-157,-164,-120,-358,-343,-354,-341,-329,-236,-212,-49,-337,-361,-341,-249,-258,-266,-200,-53,-58,-59,-58,0,0,0,0,0,-292,-295,-242,-200,-231,-183,-332,-308,-298,-251,-331,-311,-316,-257,-258,-135,-161,-160,-120,-64,-379,-373,-503,-497,-6427,-6311,-5214,-4941,-29982,-29983,-29983,-29984]} 1. e4 c5 2. Nf3 d6 3. d4 Nf6 4. Nc3 cxd4 5. Nxd4 a6 6. Be3 e5 7. Nb3 Be6 8. f3 h5 9. Qd2 Nbd7 10. Nd5 {B90: Sicilian Najdorf: Unusual White 6th moves, 6 Be3 Ng4 and 6 Be3 e5} Bxd5 11. exd5 g6 12. Be2 Bg7 13. Na5 Qc7 14. c4 b6 {LiveBook: 4 Games} (14... e4 $11) 15. Nc6 $14 Nb8 16. Nb4 {[#]} a5 $146 ({Predecessor:} 16... Nbd7 17. O-O O-O {1-0 (61) Bologan,V (2732)-Esen,B (2575) Konya 2012}) 17. Nc2 Nbd7 18. Na3 Nc5 19. O-O O-O 20. h3 Rae8 21. Nb5 Qd8 22. Na7 (22. Rab1 $16) 22... Nfd7 23. Nb5 Qe7 ({Black should play} 23... Nf6 $1 $11) 24. Na7 (24. Rae1 $14) 24... f5 25. Bg5 Nf6 (25... Bf6 $1 $11 26. Nc6 Qh7) 26. Nc6 Qf7 27. Rab1 Nfd7 28. Na7 Bf6 29. Bh6 e4 (29... Bg7 $11) 30. Nb5 $16 e3 31. Qe1 Nb7 (31... Qe7 $14) 32. Qg3 (32. Bxf8 $16 Nxf8 33. a3) 32... h4 33. Qf4 ({White should try} 33. Qe1 $1 $16) 33... Qe7 (33... Qh7 $1 $11 {keeps the balance.}) 34. Kh1 Ndc5 (34... Rf7 $14) 35. Bxf8 Qxf8 36. Nc7 (36. b3 $16) 36... Re5 37. Ne6 (37. Rfc1 $16) 37... Nxe6 $11 38. dxe6 Nc5 {[%cal Bb7c5,Bc5e6,Be6f4,Bf4e2][%mdl 32]} 39. Qd4 (39. e7 $11 {and White stays safe.} Bxe7 40. Qd4) 39... Nxe6 $19 40. Qxb6 {Hoping for f4.} Nf4 41. Rfe1 $2 (41. Rbe1 $17 {only move.}) 41... Qh6 $1 42. Bf1 (42. Qxd6 Qg5) 42... e2 43. Bxe2 Nxe2 44. Qxd6 Bg7 $2 (44... Kg7 $19 45. a3 Qe3) 45. Qd3 $2 {[%mdl 8192]} (45. Rbd1 $1 $15) 45... Ng3+ 46. Kg1 Qf4 47. Rxe5 Bxe5 48. Kf2 Bd4+ (48... Kh7 $1 $19 49. Ke1 Bg7) 49. Ke1 $15 Nh5 {[%mdl 1024] Black has compensation.} 50. Kd1 $1 Qd6 ({Better is} 50... Kh7 $15) 51. Kc2 $11 Nf4 52. Qd2 Qc5 53. b3 $2 {[%mdl 8192] [#]} ({Avoid the trap} 53. Qxf4 $2 Qxc4+ 54. Kd1 (54. Kd2 $2 Bc3+ 55. Ke3 Bd2+ 56. Kxd2 Qxf4+ $19) 54... Qd3+ 55. Qd2 Qxb1+ $19) (53. Rd1 $11 {and White has nothing to worry.} Qxc4+ 54. Kb1) 53... Nd5 $1 $19 54. Re1 Ne3+ 55. Kb1 {[#]} a4 $1 {And now ...f4 would win.} 56. Qd3 (56. b4 $142 Qb6 57. a3) 56... Kg7 57. Re2 f4 ({Less strong is} 57... axb3 58. axb3 f4 59. Ra2 $17) 58. Rd2 Nf5 59. Qe4 axb3 60. axb3 Qa3 (60... Bf6 $19 61. Rd7+ Kh6 62. Qxf4+ g5) 61. Qb7+ $17 Kh6 62. Ra2 Qd6 $40 {[%mdl 128] aiming for ...Bf6. Black has some attack.} 63. Qe4 $2 {[%mdl 8192]} (63. Ra6 $15 Qd8 64. Qe4) 63... Bf6 $19 {[%cal Rd6d1]} 64. Qd5 {Strongly threatening Qxd6.} Qb4 {( -> ...Qe1+)} 65. Qd1 (65. Qd2 $142 Qxb3+ 66. Rb2 Bxb2 67. Qxb2 Qxc4 68. Qh8+ Kg5 69. Qd8+ Kh6 70. Qh8+ Kg5 71. Qd8+ Kh5 72. Qh8+ Nh6 73. Qe5+ g5 74. Qe8+ Nf7 75. Kb2) 65... Ne3 $1 {[%csl LRc4,LRd1]} 66. Qe2 Qxb3+ 67. Kc1 Qc3+ 68. Kb1 Nxc4 {Precision: White = 31%, Black = 45%.} 0-1

[Event "WYCC 2018 O14"]
[Site "Halkidiki"]
[Date "2018.10.29"]
[Round "10"]
[White "Fecker, Noah"]
[Black "Gavriil, Odysseas-Panagiotis"]
[Result "0-1"]
[WhiteElo "2184"]
[BlackElo "2009"]
[Annotator "NA"]
[PlyCount "146"]
[EventDate "2018.10.20"]
[EventType "swiss"]
[EventCountry "GRE"]
[SourceTitle "playchess.com"]
[Source "ChessBase"]
[SourceQuality "1"]
[TimeControl "40/5400+30:1800+30"]

1. Nf3 {[%emt 0:00:00]} Nf6 {[%emt 0:00:20]} 2. c4 {[%emt 0:00:00]} g6 {[%emt 0:00:30]} 3. g3 {[%emt 0:00:00]} Bg7 {[%emt 0:00:17]} 4. Bg2 {[%emt 0:00:00]} O-O {[%emt 0:00:30]} 5. O-O {[%emt 0:00:00]} d6 {[%emt 0:00:32]} 6. Nc3 {[%emt 0:00:06]} e5 {[%emt 0:00:38]} 7. d3 {[%emt 0:01:02]} Re8 {[%emt 0:02:09]} 8. Bg5 {[%emt 0:04:29]} h6 {[%emt 0:01:30]} 9. Bxf6 {[%emt 0:00:25]} Bxf6 {[%emt 0:00:29]} 10. Rb1 {[%emt 0:01:31] A24: English Opening vs King's Indian: Lines without ...Nc6} c6 {[%emt 0:01:16]} 11. b4 {[%emt 0:03:01]} Be6 {[%emt 0:03:00]} (11... Bg7 12. b5 c5 13. Nd2 f5 14. Nd5 Kh7 15. a4 Nd7 16. e4 Nf8 17. Nb3 {1-0 (51) Pavlidis,A (2532)-Rakhmanov,A (2667) Tallinn 2016}) 12. Nd2 {[%emt 0:12:47] LiveBook: 3 Partien} Nd7 {[%emt 0:03:01]} 13. b5 {[%emt 0:04:03]} Qc7 {[%emt 0:04:05]} 14. Qc1 $146 {[%emt 0:15:41]} ({Predecessor:} 14. Qc2 Rec8 15. Rfc1 Qd8 16. Qd1 Be7 17. Rc2 {½-½ (54) Deepan Chakkravarthy,J (2396)-Koneru,H (2503) Visakhapatnam 2004}) 14... Be7 {[%emt 0:03:55]} 15. Qb2 {[%emt 0:02:06]} Nc5 16. Rfc1 {[%emt 0:04:10]} Qd7 {[%emt 0:09:14]} 17. Nb3 {[%emt 0:03:47]} Nxb3 {[%emt 0:18:36]} 18. Qxb3 {[%emt 0:00:29]} Red8 {[%emt 0:03:14]} 19. bxc6 {[%emt 0:13:24]} bxc6 {[%emt 0:00:08]} 20. Qb7 {[%emt 0:00:26]} Rac8 {[%emt 0:00:16]} 21. Qxd7 {[%emt 0:09:10]} Rxd7 {[%emt 0:00:23]} 22. e4 {[%emt 0:03:07]} Bd8 {[%emt 0:01:20]} 23. Na4 {[%emt 0:00:35]} Kg7 {[%emt 0:00:57]} 24. Rb2 {[%emt 0:02:49]} Be7 {[%emt 0:02:52]} 25. Nc3 {[%emt 0:01:23]} d5 {[%emt 0:06:28]} 26. exd5 {[%emt 0:05:22]} cxd5 {[%emt 0:00:25]} 27. cxd5 {[%emt 0:00:41]} Bxd5 {[%emt 0:18:50]} 28. Bxd5 {[%emt 0:00:08]} Rxd5 {[%emt 0:00:54]} 29. Nxd5 {[%emt 0:00:12]} Rxc1+ {[%emt 0:00:05]} 30. Kg2 {[%emt 0:00:02]} Bc5 {[%emt 0:00:36]} 31. Re2 {[%emt 0:02:43]} Bd4 {[%emt 0:01:03]} 32. f4 {[%emt 0:00:27]} Rc5 {[%emt 0:02:10]} 33. Nb4 {[%emt 0:01:11]} exf4 {[%emt 0:06:19]} 34. gxf4 {[%emt 0:00:16]} g5 {[%emt 0:00:31]} 35. fxg5 {[%emt 0:01:00]} hxg5 {[%emt 0:00:35]} 36. Kf3 {[%emt 0:00:26]} Kg6 {[%emt 0:01:38]} 37. Nc2 {[%emt 0:00:52]} Rf5+ {[%emt 0:01:46]} 38. Kg2 {[%emt 0:00:17]} Bc5 {[%emt 0:01:24]} 39. d4 {[%emt 0:01:14]} Bb6 {[%emt 0:01:16]} 40. Rd2 {[%emt 0:00:00]} Rf4 {[%emt 0:00:00]} 41. d5 {[%emt 0:09:06]} Kf6 {[%emt 0:12:06]} 42. d6 {[%emt 0:06:51]} Ke6 {[%emt 0:04:08]} 43. d7 {[%emt 0:10:58]} Ke7 {[%emt 0:00:08]} 44. a3 {[%emt 0:01:30]} a5 {[%emt 0:04:44]} 45. Ne3 {[%emt 0:07:23]} Kd8 {[%emt 0:00:22]} 46. Nd5 {[%emt 0:01:06]} Rd4 {[%emt 0:00:10]} 47. Rb2 {[%emt 0:00:08]} Rxd5 {[%emt 0:00:37]} 48. Rxb6 {[%emt 0:00:02]} Kxd7 {[%emt 0:00:14]} 49. Kg3 {[%emt 0:01:39]} Ke7 {[%emt 0:01:43]} 50. Kg4 {[%emt 0:00:38]} f6 {[%emt 0:00:56]} 51. Rb3 {[%emt 0:02:01]} Ke6 {[%emt 0:00:25]} 52. Re3+ {[%emt 0:00:29]} Re5 {[%emt 0:00:22]} 53. Rd3 {[%emt 0:00:04]} Re2 {[%emt 0:01:05]} 54. h3 {[%emt 0:00:14]} Ke5 {[%emt 0:01:26]} 55. Rb3 {[%emt 0:00:22]} Re4+ {[%emt 0:00:13]} 56. Kf3 {[%emt 0:00:02]} Rf4+ {[%emt 0:00:52]} 57. Kg3 {[%emt 0:00:16]} a4 {[%emt 0:00:36]} 58. Rb5+ {[%emt 0:00:11]} Kd4 {[%emt 0:02:29]} 59. Rb4+ {[%emt 0:00:07]} Ke3 {[%emt 0:00:27]} 60. Rb6 {[%emt 0:00:47]} Ke2 {[%emt 0:02:51]} 61. Re6+ {[%emt 0:00:05]} Kd3 {[%emt 0:01:22]} 62. Rc6 {[%emt 0:00:15]} Kd4 {[%emt 0:01:09]} 63. Kg2 {[%emt 0:00:32]} Ke5 {[%emt 0:00:42]} 64. Kg3 {[%emt 0:00:04]} Rd4 {[%emt 0:00:21]} 65. Rc3 {[%emt 0:00:07]} f5 {[%emt 0:00:24]} 66. Kf3 {[%emt 0:00:21]} Rf4+ {[%emt 0:01:25]} 67. Kg3 {[%emt 0:00:11]} Ke4 {[%emt 0:01:33]} 68. Rc4+ {[%emt 0:00:17]} Ke3 {[%emt 0:00:12]} 69. Rc5 {[%emt 0:00:21]} Rf3+ {[%emt 0:01:48]} 70. Kg2 {[%emt 0:00:01]} g4 {[%emt 0:00:37]} 71. hxg4 {[%emt 0:00:16]} fxg4 {[%emt 0:00:07]} 72. Ra5 $19 {[%emt 0:01:54]} Rf4 {[%emt 0:00:22]} 73. Kg3 {[%emt 0:00:03]} Rd4 {[%emt 0:00:20]} 0-1

[Event "WYCC 2018 O14"]
[Site "Halkidiki"]
[Date "2018.10.29"]
[Round "10"]
[White "Vitenberg, Noam Aviv"]
[Black "Nguyen, Huynh Minh Thien"]
[Result "0-1"]
[WhiteElo "2175"]
[BlackElo "1996"]
[Annotator "NA"]
[PlyCount "146"]
[EventDate "2018.10.20"]
[EventType "swiss"]
[EventCountry "GRE"]
[SourceTitle "playchess.com"]
[Source "ChessBase"]
[SourceQuality "1"]
[TimeControl "40/5400+30:1800+30"]

1. Nf3 {[%emt 0:00:00]} Nf6 {[%emt 0:00:00]} 2. c4 {[%emt 0:00:00]} g6 {[%emt 0:00:03]} 3. Nc3 {[%emt 0:00:00]} d5 {[%emt 0:00:10]} 4. cxd5 {[%emt 0:00:00]} Nxd5 {[%emt 0:00:03]} 5. e4 {[%emt 0:00:00]} Nxc3 {[%emt 0:00:11]} 6. dxc3 {[%emt 0:00:00]} Qxd1+ {[%emt 0:00:41]} 7. Kxd1 {[%emt 0:00:04]} f6 {[%emt 0:01:12]} 8. Be3 {[%emt 0:00:08]} e5 {[%emt 0:00:07]} 9. Nd2 {[%emt 0:00:43]} Be6 {[%emt 0:04:43]} 10. Bc4 {[%emt 0:00:09]} Bxc4 {[%emt 0:06:15]} 11. Nxc4 {[%emt 0:00:29]} Nd7 {[%emt 0:00:17]} 12. b4 {[%emt 0:02:40]} b5 {[%emt 0:07:33]} 13. Na5 {[%emt 0:01:41]} c5 {[%emt 0:01:03]} 14. a3 {[%emt 0:09:49]} Rc8 {[%emt 0:05:37]} 15. Ke2 {[%emt 0:02:54]} Nb6 {[%emt 0:00:11]} 16. Rhd1 {[%emt 0:01:56]} Na4 {[%emt 0:00:31]} 17. Rac1 {[%emt 0:04:47]} Be7 {[%emt 0:08:26]} 18. Kf3 {[%emt 0:01:51]} a6 {[%emt 0:04:30]} 19. Nb7 {[%emt 0:04:39]} O-O {[%emt 0:16:20]} 20. Bh6 {[%emt 0:17:11]} Rf7 {[%emt 0:05:06]} 21. Nd6 {[%emt 0:05:23]} Bxd6 {[%emt 0:00:04]} 22. Rxd6 {[%emt 0:00:10]} f5 {[%emt 0:02:00]} 23. Rxa6 {[%emt 0:13:21]} fxe4+ {[%emt 0:00:14]} 24. Ke3 {[%emt 0:00:53]} Rf5 {[%emt 0:02:39]} 25. Ke2 {[%emt 0:15:31]} Nb2 {[%emt 0:03:39]} 26. Be3 {[%emt 0:07:51]} Nd3 {[%emt 0:01:37]} 27. Rd1 {[%emt 0:00:50]} cxb4 {[%emt 0:01:35]} 28. cxb4 {[%emt 0:00:43]} Nxf2 {[%emt 0:08:06]} 29. Bxf2 {[%emt 0:01:11]} Rc2+ {[%emt 0:00:04]} 30. Ke3 {[%emt 0:02:14]} Rfxf2 {[%emt 0:00:52]} 31. Kxe4 {[%emt 0:00:23]} Rfe2+ {[%emt 0:07:18]} 32. Kd5 {[%emt 0:00:58]} Rcd2+ {[%emt 0:00:43]} 33. Rxd2 {[%emt 0:00:34]} Rxd2+ {[%emt 0:00:02]} 34. Kxe5 {[%emt 0:04:22]} Rxg2 {[%emt 0:00:03]} 35. h4 {[%emt 0:01:50]} Kg7 {[%emt 0:05:08]} 36. Ra5 {[%emt 0:00:41]} Rf2 {[%emt 0:02:42]} 37. Ke4 {[%emt 0:01:40]} Rf5 {[%emt 0:00:27]} 38. Ra7+ {[%emt 0:00:21]} Kh6 {[%emt 0:01:33]} 39. Rb7 {[%emt 0:00:34]} Rh5 {[%emt 0:00:01]} 40. Kf3 {[%emt 0:00:00]} Rxh4 {[%emt 0:00:00]} 41. Kg3 {[%emt 0:04:24]} Rc4 {[%emt 0:03:56]} 42. Ra7 {[%emt 0:08:08]} g5 {[%emt 0:02:27]} 43. Rb7 {[%emt 0:01:58]} Kg6 {[%emt 0:00:09]} 44. Rxb5 {[%emt 0:03:34]} Rc3+ {[%emt 0:00:06]} 45. Kf2 {[%emt 0:00:21]} Rxa3 {[%emt 0:00:04]} 46. Rb8 {[%emt 0:00:21]} h5 {[%emt 0:01:12]} 47. b5 {[%emt 0:00:31]} Kf5 {[%emt 0:00:15]} 48. Rc8 {[%emt 0:01:41]} Rb3 {[%emt 0:01:49]} 49. Rc5+ {[%emt 0:01:48]} Kg4 {[%emt 0:00:02]} 50. Kg2 {[%emt 0:03:22]} Rb2+ {[%emt 0:00:18]} 51. Kg1 {[%emt 0:00:04]} h4 {[%emt 0:02:15]} 52. Kh1 {[%emt 0:01:23]} h3 {[%emt 0:00:20]} 53. Kg1 {[%emt 0:00:38]} Kh4 {[%emt 0:00:08]} 54. Kh1 {[%emt 0:05:45]} g4 {[%emt 0:00:16]} 55. Rc4 {[%emt 0:00:43]} Rxb5 {[%emt 0:00:09]} 56. Kg1 {[%emt 0:00:11]} Rb2 {[%emt 0:00:13]} 57. Kh1 {[%emt 0:00:08]} Ra2 {[%emt 0:01:28]} 58. Rb4 {[%emt 0:00:14]} Re2 {[%emt 0:00:03]} 59. Ra4 {[%emt 0:01:29]} Kg3 {[%emt 0:00:06]} 60. Ra1 {[%emt 0:00:27]} Kf2 {[%emt 0:02:32]} 61. Kh2 {[%emt 0:01:02]} Kf3+ {[%emt 0:00:03]} 62. Kg1 {[%emt 0:00:19]} Kg3 {[%emt 0:03:23]} 63. Kh1 {[%emt 0:00:44]} Re3 {[%emt 0:02:29]} 64. Rb1 {[%emt 0:00:55]} Re4 {[%emt 0:04:12]} 65. Ra1 {[%emt 0:01:20]} Kh4 {[%emt 0:01:35]} 66. Kg1 {[%emt 0:00:14]} Rb4 {[%emt 0:00:16]} 67. Kh1 {[%emt 0:00:35]} g3 {[%emt 0:01:03]} 68. Rc1 {[%emt 0:00:12]} h2 {[%emt 0:00:40]} 69. Kg2 {[%emt 0:01:15]} Rb2+ {[%emt 0:00:04]} 70. Kf3 {[%emt 0:00:32]} g2 {[%emt 0:01:14]} 71. Rc4+ {[%emt 0:00:22]} Kh3 {[%emt 0:00:33]} 72. Rc5 {[%emt 0:00:19]} Rf2+ {[%emt 0:00:30]} 73. Kxf2 {[%emt 0:00:05]} g1=Q+ {[%emt 0:00:06]} 0-1